[Event "Moscow Stars Blitz"]
[Site "Moscow"]
[Date "2025.06.30"]
[Round "12"]
[White "Karjakin, Sergey"]
[Black "Hou, Yifan"]
[Result "1/2-1/2"]
[WhiteElo "2750"]
[BlackElo "2633"]
[PlyCount "38"]
[EventDate "2025.06.29"]
[EventType "tourn (blitz)"]
[EventRounds "18"]
[EventCountry "RUS"]
[EventCategory "15"]
[SourceTitle "CB27_2025"]
[SourceDate "2025.07.02"]
[SourceVersion "1"]
[SourceVersionDate "2025.07.02"]
[SourceQuality "1"]

1. e4 e5 2. Nf3 Nc6 3. Bb5 Nf6 4. 0-0 Nxe4 5. Re1 Nd6 6. Nxe5 Be7 7. Bf1 Nxe5 8. Rxe5 0-0 9. d4 Bf6 10. Re1 Re8 11. Bf4 Rxe1 12. Qxe1 Ne8 13. c3 d5 14. Bd3 g6 15. Nd2 c6 16. Qe2 Ng7 17. Re1 Bf5 18. Bxf5 Nxf5 19. Nf3 Qd7 1/2-1/2

[Event "Moscow Stars Blitz"]
[Site "Moscow"]
[Date "2025.06.29"]
[Round "3"]
[White "Hou, Yifan"]
[Black "Karjakin, Sergey"]
[Result "1/2-1/2"]
[WhiteElo "2633"]
[BlackElo "2750"]
[PlyCount "79"]
[EventDate "2025.06.29"]
[EventType "tourn (blitz)"]
[EventRounds "18"]
[EventCountry "RUS"]
[EventCategory "15"]
[SourceTitle "CB27_2025"]
[SourceDate "2025.07.02"]
[SourceVersion "1"]
[SourceVersionDate "2025.07.02"]
[SourceQuality "1"]

1. e4 c5 2. Nf3 d6 3. d4 cxd4 4. Nxd4 Nf6 5. Nc3 a6 6. a4 e5 7. Nf3 Be7 8. Bg5 Be6 9. Bxf6 Bxf6 10. Nd5 Nd7 11. Bc4 Rc8 12. b3 Nb6 13. Nxf6+ Qxf6 14. Bxe6 Qxe6 15. 0-0 0-0 16. Qd3 Nd7 17. Rfd1 Rc6 18. Nd2 Rd8 19. Nc4 Nf6 20. Ne3 g6 21. f3 h5 22. Rd2 Qc8 23. Qe2 Rc3 24. Nd1 Rc5 25. Ne3 b5 26. axb5 axb5 27. c4 bxc4 28. bxc4 Kg7 29. Qf2 Qc7 30. Nd5 Nxd5 31. cxd5 Rc1+ 32. Rd1 Rc2 33. Rd2 Rc3 34. h4 Rc8 35. Kh2 Qe7 36. Ra7 Qf6 37. Qg3 Rc1 38. Rb2 R8c7 39. Rxc7 Rxc7 40. Ra2 1/2-1/2

[Event "Moscow Stars Blitz"]
[Site "Moscow"]
[Date "2025.06.29"]
[Round "5"]
[White "Karjakin, Sergey"]
[Black "Goryachkina, Aleksandra"]
[Result "1/2-1/2"]
[WhiteElo "2750"]
[BlackElo "2533"]
[PlyCount "70"]
[EventDate "2025.06.29"]
[EventType "tourn (blitz)"]
[EventRounds "18"]
[EventCountry "RUS"]
[EventCategory "15"]
[SourceTitle "CB27_2025"]
[SourceDate "2025.07.02"]
[SourceVersion "1"]
[SourceVersionDate "2025.07.02"]
[SourceQuality "1"]

1. e4 c5 2. Nf3 Nc6 3. Nc3 g6 4. Bb5 Bg7 5. 0-0 e5 6. d3 Nge7 7. a3 0-0 8. Bc4 h6 9. Nd5 d6 10. c3 Be6 11. b4 Kh7 12. Re1 Rc8 13. bxc5 dxc5 14. Nxe7 Qxe7 15. Bd5 c4 16. a4 Rfd8 17. Ba3 Qe8 18. dxc4 Na5 19. c5 Nc4 20. Qb3 Nxa3 21. Bxe6 Qxe6 22. Qxe6 fxe6 23. Rxa3 Rxc5 24. Kf1 Rdc8 25. Rc1 b6 26. Ke2 Bf8 27. Nd2 h5 28. Rc2 R5c6 29. Rb3 Kg7 30. h4 Kf6 31. g3 Bh6 32. Ra3 Bf8 33. Rb3 Bh6 34. Ra3 Bf8 35. Rb3 Bh6 1/2-1/2

[Event "Moscow Stars Rapid"]
[Site "Moscow"]
[Date "2025.06.27"]
[Round "5"]
[White "Karjakin, Sergey"]
[Black "Goryachkina, Aleksandra"]
[Result "1/2-1/2"]
[WhiteElo "2750"]
[BlackElo "2533"]
[PlyCount "101"]
[EventDate "2025.06.26"]
[EventType "tourn (rapid)"]
[EventRounds "9"]
[EventCountry "RUS"]
[EventCategory "15"]
[SourceTitle "CB27_2025"]
[SourceDate "2025.07.02"]
[SourceVersion "1"]
[SourceVersionDate "2025.07.02"]
[SourceQuality "1"]

1. d4 d5 2. Nf3 Nf6 3. e3 c5 4. b3 Nc6 5. Bb2 Bg4 6. Be2 e6 7. h3 Bxf3 8. Bxf3 cxd4 9. exd4 Be7 10. 0-0 0-0 11. Nd2 Rc8 12. Be2 Re8 13. Nf3 Ne4 14. c4 Qa5 15. Bd3 Ba3 16. Bxa3 Qxa3 17. c5 h6 18. Qc1 Qxc1 19. Rfxc1 a6 20. a3 Ng5 21. Nd2 Nxd4 22. b4 e5 23. Rd1 e4 24. Bf1 Nge6 25. Nb1 a5 26. Nc3 Nc2 27. Rac1 axb4 28. axb4 Nxb4 29. Nxd5 Nxd5 30. Rxd5 Rc7 31. Re5 Rec8 32. Rxe4 Rxc5 33. Rb1 Rc1 34. Reb4 Rxb1 35. Rxb1 Rc7 36. g3 Kf8 37. Bg2 Nd8 38. h4 Ke7 39. Rb4 Nc6 40. Rb5 Rd7 41. Bh3 Rc7 42. Bg2 g6 43. h5 Kf6 44. hxg6 fxg6 45. f4 Rd7 46. Rb6 Rc7 47. Be4 h5 48. Kg2 Kg7 49. Kh3 Re7 50. Bxc6 bxc6 51. Rxc6 1/2-1/2

[Event "Moscow Stars Blitz"]
[Site "Moscow"]
[Date "2024.07.02"]
[Round "18"]
[White "Artemiev, Vladislav"]
[Black "Karjakin, Sergey"]
[Result "1/2-1/2"]
[WhiteElo "2694"]
[BlackElo "2750"]
[PlyCount "141"]
[EventDate "2024.07.01"]
[EventType "tourn (blitz)"]
[EventRounds "18"]
[EventCountry "RUS"]
[EventCategory "16"]
[SourceTitle "CBM 221 Extra"]
[Source "ChessBase"]
[SourceDate "2024.09.30"]
[SourceVersion "1"]
[SourceVersionDate "2024.09.30"]
[SourceQuality "1"]

1. d4 Nf6 2. c4 e6 3. Nc3 Bb4 4. Qc2 0-0 5. a3 Bxc3+ 6. Qxc3 d5 7. Bg5 dxc4 8. Qxc4 b6 9. Rd1 Ba6 10. Qa4 h6 11. Bh4 Qd7 12. Qc2 c5 13. Bxf6 gxf6 14. dxc5 Qc7 15. h4 Nd7 16. Rh3 Rfd8 17. c6 Ne5 18. Rc3 Rxd1+ 19. Qxd1 Rd8 20. Qc1 Rd6 21. Nf3 Rxc6 22. Rxc6 Qxc6 23. Qxc6 Nxc6 24. e3 Bb7 25. Nd2 Kf8 26. e4 Ke7 27. Ke2 f5 28. Ke3 fxe4 29. Nxe4 f5 30. Nc3 Ne5 31. f3 Ng6 32. g3 f4+ 33. Kf2 Kf6 34. Bd3 Ne5 35. Be2 fxg3+ 36. Kxg3 Bc6 37. Nd1 Nf7 38. Ne3 Ne5 39. Ng4+ Nxg4 40. fxg4 e5 41. Bd1 Bd5 42. Kf2 Bc6 43. Ke3 Bd5 44. Bf3 Be6 45. Ke4 Bb3 46. g5+ hxg5 47. hxg5+ Kxg5 48. Kxe5 Kg6 49. Be4+ Kg7 50. Bd5 Bd1 51. Kd6 Kf6 52. b4 Bc2 53. Bc6 Bd1 54. Bd5 Bc2 55. Bg2 Bd1 56. Bf1 Bc2 57. Kc6 Ke7 58. Kb7 Kd6 59. Kxa7 Kc7 60. Bb5 Bb3 61. a4 Bc2 62. Be8 Bb3 63. a5 bxa5 64. b5 Bd5 65. Bf7 Be4 66. b6+ Kd6 67. Bb3 Kc5 68. Bc2 Bd5 69. Bd1 Kb4 70. Bc2 a4 71. Bxa4 1/2-1/2

[Event "Moscow Stars Blitz"]
[Site "Moscow"]
[Date "2024.07.02"]
[Round "17"]
[White "Karjakin, Sergey"]
[Black "Hou, Yifan"]
[Result "1-0"]
[WhiteElo "2750"]
[BlackElo "2632"]
[PlyCount "141"]
[EventDate "2024.07.01"]
[EventType "tourn (blitz)"]
[EventRounds "18"]
[EventCountry "RUS"]
[EventCategory "16"]
[SourceTitle "CBM 221 Extra"]
[Source "ChessBase"]
[SourceDate "2024.09.30"]
[SourceVersion "1"]
[SourceVersionDate "2024.09.30"]
[SourceQuality "1"]

1. d4 Nf6 2. Nf3 e6 3. Bf4 c5 4. e3 Nc6 5. Nbd2 d5 6. c3 Be7 7. Ne5 Nd7 8. Nxd7 Bxd7 9. Bd3 0-0 10. 0-0 Be8 11. Nf3 f6 12. Qc2 Kh8 13. h3 c4 14. Be2 Bg6 15. Qc1 b5 16. Bd1 b4 17. Bc2 Bxc2 18. Qxc2 Bd6 19. Bxd6 Qxd6 20. e4 Rab8 21. Rfe1 Rb7 22. Re3 bxc3 23. bxc3 Rfb8 24. exd5 exd5 25. Rae1 Re7 26. Rxe7 Nxe7 27. Qe2 Rb7 28. Nh2 Qa3 29. Qd2 Kg8 30. Ng4 Kf8 31. h4 Rb2 32. Qe3 Rxa2 33. Kh2 Ra1 34. Rxa1 Qxa1 35. h5 Qa3 36. Qg3 Nf5 37. Qb8+ Kf7 38. Qb7+ Ne7 39. Ne3 Qd6+ 40. g3 Qb6 41. Qd7 Qe6 42. Qxa7 Qe4 43. Kg1 Qf3 44. h6 gxh6 45. Qd7 h5 46. Qd6 h4 47. gxh4 Qe4 48. Qg3 Qg6 49. Kg2 Qxg3+ 50. Kxg3 Ke6 51. Kg4 Nc6 52. Ng2 Na7 53. Nf4+ Kd6 54. Kh5 Nb5 55. Ne2 Ke7 56. Kh6 Nd6 57. Kxh7 Kf7 58. Kh6 Ne4 59. f3 Nd2 60. Nf4 Nxf3 61. Kh5 Nd2 62. Nxd5 Ne4 63. Kg4 Ke6 64. Nf4+ Kf7 65. Ne2 Ke6 66. Kf4 Nd6 67. h5 Nf7 68. Ng3 Nh6 69. Ne4 f5 70. Nd2 Kd5 71. Kg5 1-0

[Event "Moscow Stars Blitz"]
[Site "Moscow"]
[Date "2024.07.01"]
[Round "1"]
[White "Karjakin, Sergey"]
[Black "Goryachkina, Aleksandra"]
[Result "0-1"]
[WhiteElo "2750"]
[BlackElo "2545"]
[PlyCount "68"]
[EventDate "2024.07.01"]
[EventType "tourn (blitz)"]
[EventRounds "18"]
[EventCountry "RUS"]
[EventCategory "16"]
[SourceTitle "CBM 221 Extra"]
[Source "ChessBase"]
[SourceDate "2024.09.30"]
[SourceVersion "1"]
[SourceVersionDate "2024.09.30"]
[SourceQuality "1"]

1. e4 c5 2. Nf3 Nc6 3. Nc3 g6 4. Bb5 Bg7 5. 0-0 e5 6. a3 Nge7 7. Bc4 0-0 8. d3 d6 9. Bg5 h6 10. Bxe7 Nxe7 11. b4 Kh8 12. Nd5 Nc6 13. c3 f5 14. a4 f4 15. a5 g5 16. Nd2 g4 17. bxc5 dxc5 18. Nb3 Rb8 19. Nxc5 Nxa5 20. Nb3 Nxc4 21. dxc4 a6 22. Rb1 b6 23. Nc5 b5 24. cxb5 Rxb5 25. Rxb5 axb5 26. Qb3 h5 27. Qxb5 h4 28. Qc6 h3 29. Ne6 Bxe6 30. Qxe6 Qg5 31. Ne7 Kh7 32. Nf5 hxg2 33. Rd1 f3 34. Rd7 Qc1+ 0-1

[Event "Moscow Stars Blitz"]
[Site "Moscow"]
[Date "2024.07.01"]
[Round "7"]
[White "Karjakin, Sergey"]
[Black "Lagno, Kateryna"]
[Result "1-0"]
[WhiteElo "2750"]
[BlackElo "2532"]
[PlyCount "76"]
[EventDate "2024.07.01"]
[EventType "tourn (blitz)"]
[EventRounds "18"]
[EventCountry "RUS"]
[EventCategory "16"]
[SourceTitle "CBM 221 Extra"]
[Source "ChessBase"]
[SourceDate "2024.09.30"]
[SourceVersion "1"]
[SourceVersionDate "2024.09.30"]
[SourceQuality "1"]

1. e4 e5 2. Nf3 Nc6 3. Bc4 Nf6 4. d3 Be7 5. 0-0 0-0 6. Re1 d6 7. a4 Na5 8. Ba2 Nc6 9. Nbd2 a5 10. c3 Be6 11. Bxe6 fxe6 12. Nf1 Qd7 13. Ng3 h6 14. Bd2 Rad8 15. b4 b6 16. h3 Rf7 17. b5 Nb8 18. d4 exd4 19. cxd4 Bf8 20. Qb3 Nh7 21. Rac1 Qe8 22. Rc3 Rdd7 23. Rec1 Kh8 24. R1c2 g6 25. Ne2 Bg7 26. Nf4 Nf8 27. Qb1 Bf6 28. Qc1 Bd8 29. Ne2 g5 30. e5 d5 31. h4 g4 32. Nh2 h5 33. Nf4 Rf5 34. f3 gxf3 35. Nxf3 Ng6 36. Nxg6+ Qxg6 37. Bg5 Bxg5 38. Nxg5 Rff7 1-0

[Event "Moscow Stars Blitz"]
[Site "Moscow"]
[Date "2024.07.01"]
[Round "5"]
[White "Karjakin, Sergey"]
[Black "Sadhwani, Raunak"]
[Result "1-0"]
[WhiteElo "2750"]
[BlackElo "2644"]
[PlyCount "79"]
[EventDate "2024.07.01"]
[EventType "tourn (blitz)"]
[EventRounds "18"]
[EventCountry "RUS"]
[EventCategory "16"]
[SourceTitle "CBM 221 Extra"]
[Source "ChessBase"]
[SourceDate "2024.09.30"]
[SourceVersion "1"]
[SourceVersionDate "2024.09.30"]
[SourceQuality "1"]

1. e4 c6 2. d4 d5 3. e5 Bf5 4. Nf3 e6 5. Be2 Nd7 6. 0-0 a5 7. a4 f6 8. Bf4 g5 9. Be3 g4 10. Nh4 fxe5 11. Nxf5 exf5 12. dxe5 Nxe5 13. c4 Ne7 14. Qb3 d4 15. Bf4 N7g6 16. Bxe5 Nxe5 17. Bd3 Qf6 18. Qxb7 Rd8 19. Qb3 Bb4 20. c5 Kf8 21. Na3 Kg7 22. Nc4 Nxc4 23. Qxc4 h5 24. f3 Qe5 25. Qa6 Rdf8 26. Rf2 Qxc5 27. fxg4 hxg4 28. Raf1 Rh5 29. g3 Qe5 30. Qb7+ Kg6 31. Qxc6+ Rf6 32. Rxf5 Rhxf5 33. Rxf5 Qxf5 34. Bxf5+ Kxf5 35. Qd5+ Kg6 36. Qxd4 Kg5 37. Kg2 Rf5 38. Qg7+ Kh5 39. Qh7+ Kg5 40. Qh4+ 1-0

[Event "Moscow Stars Rapid"]
[Site "Moscow"]
[Date "2024.06.29"]
[Round "8"]
[White "Hou, Yifan"]
[Black "Karjakin, Sergey"]
[Result "1/2-1/2"]
[WhiteElo "2632"]
[BlackElo "2750"]
[PlyCount "45"]
[EventDate "2024.06.27"]
[EventType "tourn (rapid)"]
[EventRounds "9"]
[EventCountry "RUS"]
[EventCategory "16"]
[SourceTitle "CBM 221 Extra"]
[Source "ChessBase"]
[SourceDate "2024.09.30"]
[SourceVersion "1"]
[SourceVersionDate "2024.09.30"]
[SourceQuality "1"]

1. e4 e5 2. Nf3 Nc6 3. Bb5 Nf6 4. 0-0 Nxe4 5. Re1 Nd6 6. Nxe5 Be7 7. Bf1 Nf5 8. Nf3 0-0 9. d4 d5 10. c3 Bd6 11. Bd3 Re8 12. Nbd2 Rxe1+ 13. Qxe1 Nfe7 14. Nf1 Bf5 15. Qe2 Qd7 16. Bg5 h6 17. Bxe7 Nxe7 18. Bxf5 Nxf5 19. Re1 c6 20. Ng3 Nxg3 21. hxg3 Qf5 22. Nh4 Qd7 23. Nf3 1/2-1/2

[Event "Moscow Stars Rapid"]
[Site "Moscow"]
[Date "2024.06.29"]
[Round "9"]
[White "Karjakin, Sergey"]
[Black "Artemiev, Vladislav"]
[Result "1/2-1/2"]
[WhiteElo "2750"]
[BlackElo "2694"]
[PlyCount "108"]
[EventDate "2024.06.27"]
[EventType "tourn (rapid)"]
[EventRounds "9"]
[EventCountry "RUS"]
[EventCategory "16"]
[SourceTitle "CBM 221 Extra"]
[Source "ChessBase"]
[SourceDate "2024.09.30"]
[SourceVersion "1"]
[SourceVersionDate "2024.09.30"]
[SourceQuality "1"]

1. e4 e5 2. Nf3 Nc6 3. Bc4 Nf6 4. d3 Be7 5. 0-0 0-0 6. Nc3 d6 7. a4 a5 8. Re1 Re8 9. Ng5 Rf8 10. Nf3 Re8 11. Ne2 h6 12. c3 Bf8 13. Ng3 Be6 14. Bb5 Bd7 15. h3 Ne7 16. d4 Bxb5 17. axb5 exd4 18. cxd4 c6 19. bxc6 Nxc6 20. Bd2 b5 21. Rc1 Ne7 22. d5 Ng6 23. Nd4 Qd7 24. Nc6 Ne5 25. Bxa5 Ra6 26. Nxe5 dxe5 27. b4 Rea8 28. Rc7 Qe8 29. Qd3 Bd6 30. Rb7 Qc8 31. Qxb5 g6 32. Rb6 Rxb6 33. Qxb6 Qf8 34. Rc1 Rb8 35. Qa6 Ra8 36. Qc6 Kg7 37. Rc4 h5 38. Ne2 Rb8 39. b5 Ra8 40. Bc3 Ra3 41. b6 Rb3 42. Kh2 Qd8 43. Ba5 Rb2 44. Rc2 Rb1 45. f3 h4 46. Qc8 Qe7 47. Nc3 Ra1 48. Nb5 Rxa5 49. Nxd6 Qxd6 50. b7 Rb5 51. Rc6 Qb4 52. Rc7 Qe1 53. b8R Qg3+ 54. Kh1 Qe1+ 1/2-1/2